Stephen Hawking Quiz - Statistics

General Stats
  • This quiz has been taken 91 times
  • The average score is 8 of 15
Answer Stats
clue answer % Correct
Books he authored {Black} Holes and Baby Universes and Other Essays
77%
Movie about him The Theory of {Everything}
77%
Became a professor at... {Cambridge} University
76%
Books he authored A Brief History of {Time}
75%
Books he authored The {Universe} in a Nutshell
70%
Awarded a BA (Hons) by... {Oxford} University
69%
They proved the universe obeys the.. General Theory of {Relativity}
61%
He said "it wouldn't be much of a universe... ... if it wasn't home to the people you {love}"
56%
He predicted that black holes emit... radiation
48%
His first wife {Jane} Wilde
42%
Oscar-winning actor who played him Eddie Redmayne
38%
His illness Motor {neurone} disease
37%
His main collaborator Roger {Penrose}
23%
Books he authored God Created the {Integer}s
14%
His PhD thesis Singularities and the {Geometry} of Space-Time
11%
No matching quizzes found
Score Distribution
Percent of People with Each Score
Percentile by Number Answered
Your Score History
You have not taken this quiz